| 000 | 00683nam a22002177a 4500 | ||
|---|---|---|---|
| 003 | 0 | ||
| 005 | 20231023140854.0 | ||
| 008 | 231023b xxu||||| |||| 00| 0 eng d | ||
| 020 | _a978-0-357-71560-4 | ||
| 050 |
_aHD 38.5 _b.W57 2023 |
||
| 100 | _aWisner, Joel D. | ||
| 245 |
_aPrinciples of supply chain management : a balanced approach _cJoel D. Wisner |
||
| 250 | _aSixth edition | ||
| 260 |
_aBoston, MA _bCengage _cc2023. |
||
| 300 |
_axxi, 666 pages ; _c27 cm. |
||
| 500 | _aBusiness logistics. | ||
| 504 | _aIncludes bibliographical references, glossary, and index. | ||
| 650 | _aMarketing hannels--management. | ||
| 650 | _aBusiness logistics. | ||
| 942 |
_2lcc _cBK |
||
| 999 |
_c365549 _d365549 |
||